000 01037cam a2200313 a 4500
008 120402s2008 sp 000 0 spa d
020 _a9788467529357
040 _aEG-GiCUC
_bspa
_cEG-GiCUC
050 0 0 _aPQ6653.O47285
_bR67 2008
092 0 4 _a863.64
_bC747s
_221
099 _a04
_a863.64 C747s
100 1 _aConejo, Ana Isabel,
_d1970-
245 1 3 _aEl secreto de If /
_cAna Alonso, Javier Pelegrín ; ilustraciones de Marcelo Pérez.
250 _a1{u00AA} ed.
260 _aBoadilla del Monte [Spain] :
_bEdiciones SM,
_cc2008.
300 _a261 p. :
_bil. col. ;
_c23 cm.
490 0 _aEl barco de vapor.
500 _a"Premio El Barco de Vapor 2008"
600 1 0 _aConejo, Ana Isabel,
_d1970-
650 0 _aSpanish fiction
_y21st century.
700 1 _aPelegrín, Javier,
_d1967-
700 1 _aPérez, Marcelo,
_d1962-
_eill.
830 0 _aEl barco de vapor.
902 _a1
905 _aJamal
_eCat.
905 _aJihan
_eRev.
942 _2ddc
_cBK
999 _c124863
_d124863